000
00290nam a2200121Ia 4500
008
190216s9999||||xx |||||||||||||| ||und||
100
_a
Maheswari S N
245
0
_a
Financial Management Principles And Practice
260
_b
Null
_c
1998
300
_a
g.27p
650
_a
Commerce
942
_c
BK
999
_c
5645
_d
5645